Online Catalogue and eLibrary

Socialist reasoning : (Record no. 2774)

MARC details
000 -LEADER
fixed length control field 00462nam a2200169Ia 4500
005 - DATE AND TIME OF LATEST TRANSACTION
control field 20240520044939.0
008 - FIXED-LENGTH DATA ELEMENTS--GENERAL INFORMATION
fixed length control field 240331s9999 xx 000 0 und d
020 ## - INTERNATIONAL STANDARD BOOK NUMBER
ISBN 0745303641
082 ## - DDC Classification
Item Number - Author Mark COL
Class No. 335.4
100 ## - MAIN ENTRY--PERSONAL NAME
Personal name Collier, Andrew
245 #0 - TITLE STATEMENT
Title Socialist reasoning :
Remainder of title an inquiry into the political philosophy of scientific socialism
250 ## - EDITION STATEMENT
Edition statement 1 St
260 ## - PUBLICATION, DISTRIBUTION, ETC.
Place of publication, distribution, etc. London
Name of publisher, distributor, etc. Pluto press
Date of publication, distribution, etc. 1990
300 ## - PHYSICAL DESCRIPTION
Extent (e.g. Volumes, Pages etc.) xvi, 184 p .,
650 ## - SUBJECT ADDED ENTRY--TOPICAL TERM
Topical term or geographic name entry element Political
942 ## - Koha item type (Biblio)
Koha item type Books in Stacks (Lending)
Holdings
Lost status Damaged status Collection code Home library Current library Shelving location Date acquired Full call number Accession Number Item type
    Lending WERC Library WERC Library Social Science Cupboard 03/31/2024 335.4 COL 1100 Books in Stacks (Lending)

© WERC Library